BIBLIOTECA

SENCICO

Diseño interior de discoteca / (Registro nro. 4973)

Detalles MARC
000 -LEADER
fixed length control field 00999nam a22002537a 4500
003 - CONTROL NUMBER IDENTIFIER
control field PE SENCICO BE
005 - DATE AND TIME OF LATEST TRANSACTION
control field 20251020182707.0
008 - FIXED-LENGTH DATA ELEMENTS--GENERAL INFORMATION
fixed length control field 240301b |||||||| |||| 00| 0 eng d
040 ## - CATALOGING SOURCE
Original cataloging agency PE SENCICO BE
Transcribing agency PE SENCICO BE
041 ## - LANGUAGE CODE
Language code of text/sound track or separate title spa
084 ## - OTHER CLASSIFICATION NUMBER
Classification number I
-- DIS
-- 2005
Item number C26
100 1# - MAIN ENTRY--PERSONAL NAME
9 (RLIN) 1996
Personal name Carhuapoma Rosales, Lina
Relator term autor
245 1# - TITLE STATEMENT
Title Diseño interior de discoteca /
Statement of responsibility, etc. Lina Carhuapoma Rosales
260 ## - PUBLICATION, DISTRIBUTION, ETC.
Place of publication, distribution, etc. Lima :
Date of publication, distribution, etc. 2005
300 ## - PHYSICAL DESCRIPTION
Extent 84 h. :
Other physical details il. col., plans. ;
Dimensions 30 x 40 cm.
502 ## - DISSERTATION NOTE
Dissertation note Monografía de Titulación.-- Servicio Nacional de Capacitación para la Industria de la Construcción. Escuela Superior Técnica. Carrera Profesional Técnica en Diseño de Interiores, 2005
650 10 - SUBJECT ADDED ENTRY--TOPICAL TERM
9 (RLIN) 44
Topical term or geographic name entry element Diseño de interiores
650 20 - SUBJECT ADDED ENTRY--TOPICAL TERM
9 (RLIN) 1997
Topical term or geographic name entry element Discotecas
650 20 - SUBJECT ADDED ENTRY--TOPICAL TERM
9 (RLIN) 1995
Topical term or geographic name entry element Espacios comerciales
650 20 - SUBJECT ADDED ENTRY--TOPICAL TERM
9 (RLIN) 615
Topical term or geographic name entry element Planos
710 1# - ADDED ENTRY--CORPORATE NAME
Corporate name or jurisdiction name as entry element Servicio Nacional de Capacitación para la Industria de la Construcción.
Subordinate unit Escuela Superior Técnica
9 (RLIN) 1065
910 ## - USER-OPTION DATA (OCLC)
-- hfp
-- hfp
942 ## - ADDED ENTRY ELEMENTS (KOHA)
Koha item type Monografía de Titulación
Existencias
Fecha de la última vez que lo usaron Número de ingreso o de inventario Pago total Signatura topográfica completa Código de barras Precio efectivo desde Tipo de documento Estado perdido Estado dañado No es para préstamo Retirado Ubicación permanente Ubicación actual Fecha de adquisición Número de ejemplar
01/03/2024 I-00521   I/DIS/2005/C26 BibLima24030001 01/03/2024 Monografía de Titulación         Biblioteca Central Lima Biblioteca Central Lima 01/03/2024  
01/03/2024 I-00522   I/DIS/2005/C26/ej. 2 BibLima24030002 01/03/2024 Monografía de Titulación         Biblioteca Central Lima Biblioteca Central Lima 01/03/2024 2